<?xml version="1.0" encoding="UTF-8"?>
<record
    xmlns:xsi="http://www.w3.org/2001/XMLSchema-instance"
    xsi:schemaLocation="http://www.loc.gov/MARC21/slim http://www.loc.gov/standards/marcxml/schema/MARC21slim.xsd"
    xmlns="http://www.loc.gov/MARC21/slim">

  <leader>00764nam a2200169Ia 4500</leader>
  <controlfield tag="008">090123s9999    xx            000 0 und d</controlfield>
  <datafield tag="082" ind1=" " ind2=" ">
    <subfield code="b">21825</subfield>
  </datafield>
  <datafield tag="100" ind1=" " ind2=" ">
    <subfield code="a">&#x92E;&#x93F;&#x938;&#x94D;&#x924;&#x94D;&#x930;&#x940; &#x90F;&#x92E;.&#x91C;&#x947;.</subfield>
  </datafield>
  <datafield tag="245" ind1=" " ind2=" ">
    <subfield code="a">&#x915;&#x93F;&#x902;&#x917; &#x906;&#x930;&#x94D;&#x925;&#x930; &#x905;&#x945;&#x923;&#x94D;&#x921; &#x939;&#x93F;&#x91C; &#x915;&#x93F;&#x902;&#x917;&#x928;&#x93E;&#x908;&#x91F; &#x911;&#x92B; &#x926; &#x930;&#x93E;&#x90A;&#x902;&#x921; &#x91F;&#x947;&#x92C;&#x932;</subfield>
  </datafield>
  <datafield tag="250" ind1=" " ind2=" ">
    <subfield code="a">1</subfield>
  </datafield>
  <datafield tag="300" ind1=" " ind2=" ">
    <subfield code="a">55</subfield>
  </datafield>
  <datafield tag="600" ind1=" " ind2=" ">
    <subfield code="a">&#x92E;&#x93F;&#x938;&#x94D;&#x924;&#x94D;&#x930;&#x940; &#x90F;&#x92E;.&#x91C;&#x947;.</subfield>
  </datafield>
  <datafield tag="630" ind1=" " ind2=" ">
    <subfield code="a">&#x915;&#x93F;&#x902;&#x917; &#x906;&#x930;&#x94D;&#x925;&#x930; &#x905;&#x945;&#x923;&#x94D;&#x921; &#x939;&#x93F;&#x91C; &#x915;&#x93F;&#x902;&#x917;&#x928;&#x93E;&#x908;&#x91F; &#x911;&#x92B; &#x926; &#x930;&#x93E;&#x90A;&#x902;&#x921; &#x91F;&#x947;&#x92C;&#x932;</subfield>
  </datafield>
  <datafield tag="700" ind1=" " ind2=" ">
    <subfield code="a">&#x92E;&#x93F;&#x938;&#x94D;&#x924;&#x94D;&#x930;&#x940; &#x90F;&#x92E;.&#x91C;&#x947;.</subfield>
  </datafield>
  <datafield tag="730" ind1=" " ind2=" ">
    <subfield code="a">&#x915;&#x93F;&#x902;&#x917; &#x906;&#x930;&#x94D;&#x925;&#x930; &#x905;&#x945;&#x923;&#x94D;&#x921; &#x939;&#x93F;&#x91C; &#x915;&#x93F;&#x902;&#x917;&#x928;&#x93E;&#x908;&#x91F; &#x911;&#x92B; &#x926; &#x930;&#x93E;&#x90A;&#x902;&#x921; &#x91F;&#x947;&#x92C;&#x932;</subfield>
  </datafield>
  <datafield tag="942" ind1=" " ind2=" ">
    <subfield code="c">BOOK</subfield>
  </datafield>
  <datafield tag="999" ind1=" " ind2=" ">
    <subfield code="c">59897</subfield>
    <subfield code="d">59897</subfield>
  </datafield>
  <datafield tag="952" ind1=" " ind2=" ">
    <subfield code="0">0</subfield>
    <subfield code="1">0</subfield>
    <subfield code="4">0</subfield>
    <subfield code="7">0</subfield>
    <subfield code="a">KALWAJAWAH</subfield>
    <subfield code="b">KALWAJAWAH</subfield>
    <subfield code="d">2002-03-31</subfield>
    <subfield code="g">0.00</subfield>
    <subfield code="l">0</subfield>
    <subfield code="o">21825</subfield>
    <subfield code="p">KLW-21825</subfield>
    <subfield code="r">2009-01-23 00:00:00</subfield>
    <subfield code="v">0.00</subfield>
    <subfield code="w">2009-01-23</subfield>
    <subfield code="y">BOOK</subfield>
  </datafield>
</record>
